Charles A. Lindbergh : a human hero /

A biography of the pilot whose life was full of controversy and tragedy, but also fulfilling achievements.

Bibliographic Details
Main Author: Giblin, James
Format: Book
Language:English
Published: New York : Clarion Books, [1997]
Subjects:

MARC

Tag First Indicator Second Indicator Subfields
LEADER 00000cam a2200000 a 4500
001 in00001402590
005 20151020055437.0
008 960612s1997 nyua j b 001 0beng
010 |a  96009501  
020 |a 0395633893 (alk. paper) 
035 |a (OCoLC)34989938 
035 |9 AHN4480AM 
040 |a DLC  |c DLC  |d TXA  |d UtOrBLW 
043 |a n-us--- 
049 |a TXAM 
050 0 0 |a TL540.L5  |b G53 1997 
082 0 0 |a 629.13/092  |a B  |2 20 
100 1 |a Giblin, James. 
245 1 0 |a Charles A. Lindbergh :  |b a human hero /  |c James Cross Giblin. 
264 1 |a New York :  |b Clarion Books,  |c [1997] 
264 4 |c ©1997 
300 |a 212 pages :  |b illustrations ;  |c 27 cm. 
336 |a text  |b txt  |2 rdacontent 
337 |a unmediated  |b n  |2 rdamedia 
338 |a volume  |b nc  |2 rdacarrier 
504 |a Includes bibliographical references and index. 
520 |a A biography of the pilot whose life was full of controversy and tragedy, but also fulfilling achievements. 
600 1 0 |a Lindbergh, Charles A.  |q (Charles Augustus),  |d 1902-1974  |x Juvenile literature. 
650 0 |a Air pilots  |z United States  |v Biography  |v Juvenile literature. 
600 1 1 |a Lindbergh, Charles A.  |q (Charles Augustus),  |d 1902-1974. 
650 1 |a Air pilots. 
948 |a c:cer 
999 |a MARS 
999 f f |s 3567c881-d567-3f15-adf2-4fbfc2a12fa9  |i 082c70c8-7906-33fe-a555-ab0820fdb2f5  |t 0 
952 f f |p ric  |a Texas A&M University  |b Rellis Campus  |c Joint Library Facility  |d Remote Storage  |t 0  |e TL540.L5 G53 1997  |h Library of Congress classification  |i unmediated -- volume  |m A14822221899 
998 f f |a TL540.L5 G53 1997  |t 0  |l Remote Storage